Interpretation of Ground Penetrating Radar Data for Utilities : (Record no. 22401)
[ view plain ]
| 000 -LEADER | |
|---|---|
| fixed length control field | 00776nam a22002175a 4500 |
| 005 - DATE AND TIME OF LATEST TRANSACTION | |
| control field | 20160926115051.0 |
| 008 - FIXED-LENGTH DATA ELEMENTS--GENERAL INFORMATION | |
| fixed length control field | 160926s2011 gw a frb 000 0 eng d |
| 020 ## - INTERNATIONAL STANDARD BOOK NUMBER | |
| International Standard Book Number | 9783639338263 |
| 040 ## - CATALOGING SOURCE | |
| Original cataloging agency | EG-ScBUE |
| Language of cataloging | eng |
| Transcribing agency | EG-ScBUE |
| Modifying agency | EG-ScBUE |
| 082 04 - DEWEY DECIMAL CLASSIFICATION NUMBER | |
| Edition number | 22 |
| Classification number | 621.3848 |
| Item number | KHA |
| 100 1# - MAIN ENTRY--PERSONAL NAME | |
| Personal name | K̲h̲ān, ʻUmar Zamān. |
| 9 (RLIN) | 41226 |
| 245 10 - TITLE STATEMENT | |
| Title | Interpretation of Ground Penetrating Radar Data for Utilities : |
| Remainder of title | methods techniques and implementation / |
| Statement of responsibility, etc | Umar Shahbaz Khan. |
| 260 ## - PUBLICATION, DISTRIBUTION, ETC. (IMPRINT) | |
| Place of publication, distribution, etc | Saarbrucken : |
| Name of publisher, distributor, etc | VDM Verlag Dr. Muller, |
| Date of publication, distribution, etc | 2011. |
| 300 ## - PHYSICAL DESCRIPTION | |
| Extent | xiv, 200 p. : |
| Other physical details | ill. ; |
| Dimensions | 24 cm. |
| 504 ## - BIBLIOGRAPHY, ETC. NOTE | |
| Bibliography, etc | Bibliography : p. 165-175. |
| 650 #7 - SUBJECT ADDED ENTRY--TOPICAL TERM | |
| Source of heading or term | BUEsh |
| Topical term or geographic name as entry element | Radar |
| General subdivision | Mathematical models. |
| 9 (RLIN) | 41227 |
| 650 #7 - SUBJECT ADDED ENTRY--TOPICAL TERM | |
| Topical term or geographic name as entry element | Radar |
| General subdivision | Testing. |
| 9 (RLIN) | 41229 |
| Source of heading or term | BUEsh |
| 651 ## - SUBJECT ADDED ENTRY--GEOGRAPHIC NAME | |
| Source of heading or term | BUEsh |
| 653 ## - INDEX TERM--UNCONTROLLED | |
| Resource For college | Engineering, General |
| Arrived date list | September2016 |
| 942 ## - ADDED ENTRY ELEMENTS (KOHA) | |
| Source of classification or shelving scheme | Dewey Decimal Classification |
| Withdrawn status | Item status | Source of classification or shelving scheme | Damaged status | Not for loan | Vendor | Home library | Current library | Shelving location | Date acquired | Source of acquisition | Cost, normal purchase price | Total Checkouts | Full call number | Barcode | Date last seen | Koha item type |
|---|---|---|---|---|---|---|---|---|---|---|---|---|---|---|---|---|
| Dewey Decimal Classification | Baccah | Central Library | Central Library | First floor | 26/09/2016 | Purchase | 1475.00 | 621.3848 KHA | 000033684 | 15/07/2025 | Book - Borrowing | |||||
| Dewey Decimal Classification | Baccah | Central Library | Central Library | First floor | 26/09/2016 | Purchase | 1475.00 | 621.3848 KHA | 000033685 | 15/07/2025 | Book - Borrowing | |||||
| Dewey Decimal Classification | Baccah | Central Library | Central Library | First floor | 26/09/2016 | Purchase | 1475.00 | 621.3848 KHA | 000033686 | 15/07/2025 | NB - Book (Non borrowing) |